00541nam a2200193Ia 4500008004100000041001200041082001100053100007000064245004600134260000900180300000800189365000700197520001300204546001200217630004600229650001300275655001300288730004600301101110s9999 xx 000 0 und d aENGLISH bJR6338 aMaharashtra state board of secondary & higher sec.education, Pune aOrganisation of commerce & management XII c2010 a166 b96 acommerce aENGLISH aOrganisation of commerce & management XII acommerce acommerce aOrganisation of commerce & management XII